000 00247nam a2200097Ia 4500
001 681389
005 20250826161359.0
008 250824s9999 xx 000 0 und d
245 0 _aBUNUN ADI FİNDEL
_cANDREW CLEMENTS
260 _bGÜNIŞIĞI YAYINLARI
999 _c681389
_d681389